000 01007nas a2200325 4500
001 BR0602844
003 BR-BrBNA
005 20231205110124.0
007 ta
008 230509b bl.|||p| |||| 00| 00por d
040 _aBR-BrBNA
_bpor
_cBiblioteca Nacional de Agricultura
041 _a(Pt)
072 _aF30; F62
100 1 _aCoutinho, J.L.B.
100 1 _aSantos, V.F. dos
100 1 _aFerreira, R.L.C.
100 1 _aNascimento, J.C.B.
245 1 _aComportamento de espécies de Eucalyptus na Zona da Mata Pernambucana. 2: resultados segundo ano - 2002
650 _aEUCALIPTO
650 _aCOMPORTAMENTO DE VARIEDADE
650 _aSOBREVIVÊNCIA
650 _aDIÂMETRO
650 _aESTATURA DE PLANTA
650 _aPRODUTIVIDADE
650 _aCLONE
650 _aPERNAMBUCO
773 0 _tPesquisa Agropecuária Pernambucana (Brazil)
_xISSN 0100-8501
_g(Jan-Dec 2002), v. 13 (Especial) p. 43-49
_wBR0602844
909 _a202311
_bLúcia
_c55
_dLúcia Elande
942 _2AGRIS
_n0
_cANA
999 _c186279
_d186279